Exploración funcional y kineriterapia articulares / (Record no. 131045)

MARC details
000 -LEADER
campo de control de longitud fija 00604nam a2200193 4500
001 - NÚMERO DE CONTROL
campo de control 131045
003 - IDENTIFICADOR DE NÚMERO DE CONTROL
campo de control ES-MaACL
005 - FECHA Y HORA DE LA ÚLTIMA TRANSACCIÓN
campo de control 20230906193914.0
007 - CAMPO FIJO DE DESCRIPCIÓN FÍSICA--INFORMACIÓN GENERAL
campo de control de longitud fija t|
008 - DATOS DE LONGITUD FIJA--INFORMACIÓN GENERAL
campo de control de longitud fija 070214s1968 sp r ||||1| spa d
100 1# - ENTRADA PRINCIPAL--NOMBRE DE PERSONA
Nombre de persona Rocher, Ch.
9 (RLIN) 98073
245 10 - MENCIÓN DEL TÍTULO
Título Exploración funcional y kineriterapia articulares /
Mención de responsabilidad, etc. Ch. Rocher, A. Rigaud ; versión de Juan José del Pozo.
250 ## - MENCION DE EDICION
Mención de edición 1ª. ed.
260 ## - PUBLICACIÓN, DISTRIBUCIÓN, ETC.
Lugar de publicación, distribución, etc. Barcelona :
Nombre del editor, distribuidor, etc. Toray Masson,
Fecha de publicación, distribución, etc. 1968.
300 ## - DESCRIPCIÓN FÍSICA
Extensión XVI, 311 p. :
Otras características físicas il. ;
Dimensiones 25 cm.
700 1# - ENTRADA AGREGADA--NOMBRE PERSONAL
Nombre de persona Rigaud, A.
9 (RLIN) 97194
700 1# - ENTRADA AGREGADA--NOMBRE PERSONAL
Nombre de persona Pozo, Juan José del.
9 (RLIN) 93539
852 ## - LOCALIZACIÓN
Ubicación ES-MaACL
Número de control de estantería C-34532
Sublocalización o colección R.67354
Holdings
Estatus retirado Estado de pérdida Estado de daño No para préstamo Biblioteca de origen Biblioteca actual Ubicación en estantería Fecha de adquisición Fuente de adquisición Total de préstamos Signatura topográfica completa Código de barras Visto por última vez Precio de reemplazo Tipo de ítem Koha
        Biblioteca del Ateneo de Madrid Biblioteca del Ateneo de Madrid Depósito 2 17/01/2008     C-34532 1136433 23/02/2023 23/02/2023 Libro impreso